| 000 | 00481nam a2200193Ia 4500 | ||
|---|---|---|---|
| 003 | LK-CoDNM | ||
| 008 | 010623t1984 xxu||||| |||| 00| 1 eng d | ||
| 040 |
_aLK-CoDNM _dLK-CoDNM _eLK-CoDNM |
||
| 041 | _aeng | ||
| 080 | _a(x) 745.5 KAR | ||
| 100 | _aKarunaratne, L.K. | ||
| 245 | _athe traditional art of wood carving | ||
| 260 |
_bTrumpet publishers _aColombo _c1984 |
||
| 300 | _b84, 28 cm | ||
| 650 | _aArts | ||
| 650 | _aCulture | ||
| 650 | _aWood carving | ||
| 942 | _cBK | ||
| 999 |
_c112501 _d112501 |
||